000 00314nam a22001457a 4500
008 230414b ||||| |||| 00| 0 eng d
020 _a9781556591952
041 _aeng
080 _a159.9
082 _a159.9PIN
100 _a25
101 _aPSI
245 _aPOEMS OF THE MASTERS
_cPINE .R
942 _2udc
_cBK
999 _c59549
_d59549